000 00907nam a2200253 i 4500
003 DO-SdBNP
005 20250305085733.0
007 ta
008 250305b200- dr a|||| |||| 00| 0 spa d
040 _aDO-SdBNP
_bspa
_cBNPHU
_erda
082 1 _axxx
_bxxx
_222
100 _aPetrecolla, Diego,
_eautor
_4aut.
_987112
245 1 0 _aEstudio sobre las condiciones de competencia en el mercado de seguros de la República Domincana /
_cDiego Petrecolla
264 1 _aSanto Domingo :
_bComisión Nacional de Defensa de la Competencia,
_c200-?.
300 _a187 páginas ;
_c23 cm.
336 _atexto
_btxt
_2rdacontent
337 _asin mediación
_bn
_2rdamedia
338 _avolumen
_bnc
_2rdacarrier
500 _aIncluiye referencias bibliográficas y notas al pie de las páginas
504 _aBibliografía : páginas 183-186
590 _aInventariado, 2025/BT
910 _aBtavárez
942 _2ddc
_cLBS1
999 _c58306
_d58306